• 首页
  • 本馆介绍
  • 公告通知
  • 最新文献
  • 馆藏检索
  • 电子资源
  • 读者导购
  • 参考咨询
  • 我的图书馆
  • 登录
  • 详细信息显示
  • 放入我的书架
  • 预约/预借图书
  • 作者相关作品
  • 分类相关作品
  • 丛书相关作品
  • 出版社相关作品

书目信息

  • 表格格式
  • 工作单格式
  • 卡片格式
题名:
财务管理与金融创新
    
 
作者: 张晓哲 , 张海静 , 陆凯 主编
分册:  
出版信息: 北京   中国纺织出版社  2018
页数: 311页
开本: 26cm
丛书名:
单 册:
中图分类: F275 , F830.2
科图分类:
主题词: 财务管理--关系--金融管理--研究
电子资源:
ISBN: 978-7-5180-3489-5
000 01169nam0 2200265 450
001 012001004838
005 20140928162350.0
010    @a978-7-5180-3489-5@dCNY98.50
100    @a20171222d2018 em y0chiy50 ea
101 0  @achi
102    @aCN@b110000
105    @ay z 000yy
106    @ar
200 1  @a财务管理与金融创新@9cai wu guan li yu jin rong chuang xin@f张晓哲,张海静,陆凯主编
210    @a北京@c中国纺织出版社@d2018
215    @a311页@d26cm
330    @a本书以财务管理的学习,金融的创新及应用金融为主线,全书共分为十九章,具体内容包括:财务管理基本概念及相关基础理论、资金的时间价值与风险分析、资金成本与资金结构、营运资金管理、项目投资管理与筹资管理、证券投资管理、利润分配、财务分析及财务管理的现状、金融创新及其对财务管理的影响、货币与货币制度、信用与利率、商业银行、中央银行、金融市场、货币需求、货币供给、货币政策、通货膨胀与通货紧缩、金融监管和国际金融。
606 0  @a财务管理@x关系@x金融管理@x研究
690    @aF275@v5
690    @aF830.2@v5
701  0 @a张晓哲@9zhang xiao zhe@4主编
701  0 @a张海静@9zhang hai jing@4主编
701  0 @a陆凯@9lu kai@4主编
801  0 @aCN@b上海新华@c20180901
905    @b1167127-30@dF275@e1624@f4
    
    财务管理与金融创新/张晓哲,张海静,陆凯主编.-北京:中国纺织出版社,2018
    311页;26cm
    
    
    ISBN 978-7-5180-3489-5:CNY98.50
    本书以财务管理的学习,金融的创新及应用金融为主线,全书共分为十九章,具体内容包括:财务管理基本概念及相关基础理论、资金的时间价值与风险分析、资金成本与资金结构、营运资金管理、项目投资管理与筹资管理、证券投资管理、利润分配、财务分析及财务管理的现状、金融创新及其对财务管理的影响、货币与货币制度、信用与利率、商业银行、中央银行、金融市场、货币需求、货币供给、货币政策、通货膨胀与通货紧缩、金融监管和国际金融。
●
相关链接 在E读中查询图书 在五车中查询图书 在当当中查询图书 在豆瓣中查询图书


正题名:财务管理与金融创新     索取号:F275/1624         预约/预借

序号 登录号 条形码 馆藏地/架位号 状态 备注
1 1167127   211671270   第一样本阅览室/ [索取号:F275/1624] 在馆    
2 1167128   211671289   第一借阅区/ [索取号:F275/1624] 在馆    
3 1167129   211671298   密集书库-文学院/ [索取号:F275/1624] 在馆    
4 1167130   211671305   第一借阅区/ [索取号:F275/1624] 在馆    
唐山师范学院图书馆 欢迎您!
大连网信软件有限公司© 版权所有